Quick Pick: 'C' Beverages Quiz Stats

 Plays Quiz Updated Mar 30, 2018

Score 0/12 Timer 01:00
4 Plays Today
% Correct
Cappuccino
98%
Coffee
97.7%
Cider
97.4%
Cream Soda
97.2%
Canada Dry
96.3%
Capri Sun
95.6%
Corona
94.6%
Crush
88.3%
Campari
72.4%
Chambord
63.7%
Caipirinha
43.2%
Cable Car
34.2%

Today's Daily Dose

You're not logged in!

Compare scores with friends on all Sporcle quizzes.
OR
Log In

Sporcle TV

Today on Sporcle TV


Watch our educational content, quiz creation guides, and fun videos on Sporcle TV.

Show Comments

Extras

Top Quizzes Today


Score Distribution

Your Account Isn't Verified!

In order to create a playlist on Sporcle, you need to verify the email address you used during registration. Go to your Sporcle Settings to finish the process.

Report this User

Report this user for behavior that violates our Community Guidelines.

Details: